000132989 001__ 132989
000132989 005__ 20251001112443.0
000132989 008__ 931025s1692    sp      r     ||| |bspa d
000132989 0247_ $$2CCPB$$aCCPB000051777-1
000132989 037__ $$aD_83_168
000132989 040__ $$aAR $$bspa $$cPAB $$dES-ZaU$$erdc
000132989 1001_ $$9655798$$aJiménez Samaniego, José$$c(O.F.M.),$$d1621-1692.
000132989 24510 $$aVida del V. Padre Juan Dunsio Escoto ... /$$csu autor ... Fr. Ioseph Ximenez Samaniego ... Obispo dignissimo de Plasencia ; y la da a la estampa el Colegio de San Diego de Zaragoza.
000132989 260__ $$aEn Zaragoza :$$bpor Pasqual Bueno...,$$c1692.
000132989 300__ $$a[48], 451 p. ;$$c4º.
000132989 336__ $$2rdacontent$$aTexto (visual)$$btxt
000132989 337__ $$2rdamedia$$asin mediación$$bn
000132989 338__ $$2rdacarrier$$avolumen$$bnc
000132989 540__ $$9info:eu-repo/semantics/openAccess$$aby$$uhttps://creativecommons.org/licenses/by/4.0/deed.es
000132989 597__ $$aSign.: a-c\p8\s, A-Z\p8\s, 2A-2E\p8\s, 2F\p2\s.
000132989 597__ $$aPort. con orla tip.
000132989 597__ $$aEsc. xil. de Zaragoza en sign. a\b2\s.
000132989 60007 $$95204$$aJuan Duns Escoto,$$cBeato,$$dca. 1266-1308$$vBiografías.
000132989 7001_ $$9308386$$aBueno, Pascual,$$dfl. 1678-1725,$$eimp.
000132989 7102_ $$9655799$$aColegio de San Diego $$c(, (Zaragoza)
000132989 752__ $$aEspaña$$bAragón$$dZaragoza.
000132989 8564_ $$s457824$$uhttps://zaguan.unizar.es/record/132989/files/METS_cargaD_83_168.xml$$yFichero METS
000132989 8564_ $$s69337455$$uhttps://zaguan.unizar.es/record/132989/files/vD_83_168.pdf$$yTexto completo (pdf)
000132989 8564_ $$s305554$$uhttps://zaguan.unizar.es/record/132989/files/vD_83_168.jpg?subformat=icon$$xicon$$yTexto completo (pdf)
000132989 907__ $$a.b18638430$$b08-07-20$$c06-09-17
000132989 909CO $$ooai:zaguan.unizar.es:132989$$pfondo-historico$$pdriver
000132989 945__ $$aD-83-168$$lc3f7083c-06cf-46f1-9025-51d1c10266e1$$o-$$q-$$t182ba798-b896-45fa-bd86-388c988d1d11$$z23-09-2021
000132989 952__ $$/f$$00$$10$$3c6e5e11d-4dcb-45d2-9f51-e9d79524e142$$40$$70$$91276394$$a100$$cc3f7083c-06cf-46f1-9025-51d1c10266e1$$d2021-09-23$$e-$$f-$$oD-83-168$$r2021-09-23$$t16.876$$xDigitalizado-2022$$ya3499d44-1378-4e9e-8120-bbfb237e4404$$zEnc- perg.
000132989 980__ $$bfondos
000132989 980__ $$aFH$$bfondos
000132989 998__ $$a100$$cm$$da$$ea
000132989 999__ $$c719284$$d719284
000132989 999ff $$i29695685-d4f5-4fab-9f9e-6e0da1120c8e